LEADER 00883nam0-22003251i-450- 001 990000579420403321 005 20001010 035 $a000057942 035 $aFED01000057942 035 $a(Aleph)000057942FED01 035 $a000057942 100 $a20001010d--------km-y0itay50------ba 101 0 $aita 105 $ay-------001yy 200 1 $aADVANCES IN MATERIALS RESEARCH$fHERMANN Herbert 210 $aNew York$cJohn Wiley & Sons$d1968 300 $aVol. III 610 0 $aTeorie dell'elasticità e della plasticità 610 0 $aMeccanica dei continui 610 0 $aViscosità 610 0 $aReologia 700 1$aHermann,$bHerbert$0341574 801 0$aIT$bUNINA$gRICA$2UNIMARC 901 $aBK 912 $a990000579420403321 952 $a07 C-76$b$fDINSC 959 $aDINSC 996 $aADVANCES IN MATERIALS RESEARCH$9319138 997 $aUNINA DB $aING01 LEADER 01111nam--2200385---450- 001 990003339010203316 005 20091023100320.0 010 $a1-60109-101-X 035 $a000333901 035 $aUSA01000333901 035 $a(ALEPH)000333901USA01 035 $a000333901 100 $a20091023d2007----km-y0itay50------ba 101 $aeng 102 $aUS 105 $a||||||||001yy 200 1 $aBodyscapes$fJean Paul Bourdier$gpreface by Thomas Zummer$gintroduction by Trinh T. Minh-Ha 210 $aSan Rafael$cEarth Aware$d2007 215 $a1 v.$d31 cm 410 0$12001 454 0$12001 606 0 $aFotografia$zSec. 21.$xTemi [:] Corpo umano$2BNCF 676 $a779.2 700 1$aBOURDIER,$bJean-Paul$0606539 702 1$aZUMMER,$bThomas 702 1$aMINH-HA,$bTrinh T. 801 0$aIT$bsalbc$gISBD 912 $a990003339010203316 951 $aXIII.5. 290$b2264 L.G.$cXIII.5.$d00229213 959 $aBK 969 $aUMA 979 $aALESSANDRA$b90$c20091023$lUSA01$h1001 979 $aALESSANDRA$b90$c20091023$lUSA01$h1003 996 $aBodyscapes$91125166 997 $aUNISA